| 000 | 00424nam a2200157Ia 4500 | ||
|---|---|---|---|
| 008 | 230917s9999||||xx |||||||||||||| ||und|| | ||
| 020 | _cRS13.5 | ||
| 040 |
_e15953 _aMAIN |
||
| 041 | _aEnglish | ||
| 082 | _a320.9 B511N | ||
| 100 | _aBendix, Reinhard | ||
| 245 | 0 | _aNation-building and citizenship: Studies of our changing social order | |
| 260 |
_aNew Delhi _bWiley Eastern _c1969 |
||
| 300 | _axii, 314 p. | ||
| 942 | _cBK | ||
| 999 |
_c73817 _d73817 |
||